A közigazgatási reform és az iskolák

Bibliographic Details
Main Author: Kvarda, József, 1949- (Author)
Format: Article
Language:Hungarian
PhysicalDescription:Fotogr.
ISSN:1335-6445
Subjects:

MARC

LEADER 00000nab a2200000 a 4500
001 vtls000777653
003 SK-MaSNL
005 20260319074856.0
008 141024c2001 xo 0 hun
015 |a SNBRB2001/12-36165 
035 |a CLN000129436 
040 |a SNKBUCL  |b slo  |c SNKBUCL  |e AACR2 
041 0 |a hun 
044 |a xo  |c SK 
080 |a 37.014(437.6)  |2 1997 
080 |a 352/354(437.6)  |2 1997 
100 1 |a Kvarda, József,  |d 1949-  |4 aut  |9 109099 
245 1 0 |a A közigazgatási reform és az iskolák  |c Dr. Kvarda József 
300 |b Fotogr. 
650 0 7 |a školstvo  |x správa štátna  |x reforma  |z Slovensko  |2 snkbucl  |9 846834 
650 0 7 |a kompetencie školské  |x správa štátna  |x samosprávy  |x presun  |2 snkbucl  |9 846835 
655 7 |a články z novín a časopisov  |2 snkbucl  |9 267496 
773 0 |t Katedra  |g Roč. 9, č. 3 (2001), s. 8-9  |x 1335-6445 
850 |a Slovenská národná knižnica v Martine 
852 |a SNK  |b KIS3GCP 
958 |a HU 
958 |a SK 
999 |c 1363583  |d 1365513